GIS for contaminated land assessment: a UK local authority viewpoint (Record no. 74412)

MARC details
000 -LEADER
fixed length control field 01181cab a2200313 4500
001 - CONTROL NUMBER
control field ABS67833
008 - FIXED-LENGTH DATA ELEMENTS--GENERAL INFORMATION
fixed length control field 040601n2004 000 0 eng u
035 ## - SYSTEM CONTROL NUMBER
System control number (Sirsi) u126333
100 ## - MAIN ENTRY--PERSONAL NAME
Personal name Smith, S.
245 ## - TITLE STATEMENT
Title GIS for contaminated land assessment: a UK local authority viewpoint
260 ## - PUBLICATION, DISTRIBUTION, ETC.
Date of publication, distribution, etc. 2004
490 ## - SERIES STATEMENT
Series statement GEO:connexion
Volume/sequential designation 3(5) May 2004, 40-43(4)
520 ## - SUMMARY, ETC.
Summary, etc. The Environmental Protection Act 1990 Part IIA placed a duty on local authorities to manage historical land contamination within their areas. Using Stockton-on-Tees BC as a case study, outlines how the planning process has been used to plan clean-up operations prior to redevelopment, using a GIS-based land quality management database.
590 ## - LOCAL NOTE (RLIN)
Local note ABS
650 ## - SUBJECT ADDED ENTRY--TOPICAL TERM
Topical term or geographic name entry element CONTAMINATED LAND
650 ## - SUBJECT ADDED ENTRY--TOPICAL TERM
Topical term or geographic name entry element GIS
650 ## - SUBJECT ADDED ENTRY--TOPICAL TERM
Topical term or geographic name entry element LOCAL AUTHORITIES
650 ## - SUBJECT ADDED ENTRY--TOPICAL TERM
Topical term or geographic name entry element ENVIRONMENTAL PROTECTION ACT 1990
650 ## - SUBJECT ADDED ENTRY--TOPICAL TERM
Topical term or geographic name entry element CONTAMINATED LAND REGULATIONS 1999
650 ## - SUBJECT ADDED ENTRY--TOPICAL TERM
Topical term or geographic name entry element STATUTORY DUTY
650 ## - SUBJECT ADDED ENTRY--TOPICAL TERM
Topical term or geographic name entry element REMEDIATION
650 ## - SUBJECT ADDED ENTRY--TOPICAL TERM
Topical term or geographic name entry element BROWNFIELD SITES
650 ## - SUBJECT ADDED ENTRY--TOPICAL TERM
Topical term or geographic name entry element REDEVELOPMENT
690 ## - LOCAL SUBJECT ADDED ENTRY--TOPICAL TERM (OCLC, RLIN)
Topical term or geographic name as entry element ENVIRONMENT-CONTAMINATION
700 ## - ADDED ENTRY--PERSONAL NAME
Personal name Harding, C.
700 ## - ADDED ENTRY--PERSONAL NAME
Personal name Gillies, S.
700 ## - ADDED ENTRY--PERSONAL NAME
Personal name Jimenez-Ocio, L.
942 ## - ADDED ENTRY ELEMENTS (KOHA)
Suppress in OPAC 0
Holdings
Withdrawn status Lost status Source of classification or shelving scheme Damaged status Not for loan Home library Current library Shelving location Date acquired Total Checkouts Full call number Barcode Date last seen Copy number Price effective from Koha item type
    Dewey Decimal Classification     London London Journal article 01/06/2004   ABS67833 126333-1001 06/08/2019 1 06/08/2019 Journal article